000 01248nam a22002897a 4500
005 2010101106106.0
008 100928t xxu||||| |||| 00| 0 hin d
010 _aHIN-90855
020 _a9788123758954
_c75.00
035 _aHN-63201
037 _bDBAD / PUB
040 _aDPL
_bHN
082 _a
100 _922145
_aयादव, उषा
245 _aसंकलित कहानियाँ /
_cउषा यादव
246 _aSanklit kahaniyan
_bby Usha Yadav
260 _aनई दिल्ली
_bनेशनल बुक ट्रस्ट
_c2010
270 _aनेहरू भवन 5 इंस्टीट्यूशनल एरिया, फेज-II, वसंत कुंज
_bनई दिल्ली
_e110070
300 _a220पृ.
_c22सेमी (अजिल्द)
490 _aभारतीय साहित्य पुस्तकमाला
_923311
650 _922409
_aहिन्दी कहानियाँ
650 _aHindi Stories
_9788
700 _922273
700 _922352
942 _2ddc
_cHN
_h
_mयादव
999 _c48373
_d48373